00755 2200265 4500001002100000005001700021008004100038020002200079035002500101040001200126082001700138090001900155100001200174245007300186250001700259260002700276300004300303500000700346650005300353700001700406850001200423990001800435990001800453990001800471INLIS00000000000492720150907090854.0  a978-979-29-4224-8 a0010-051500000000060 aYOPDYOG 223a621.3678 b621.3678 Ind T aINDARTO aTeori dan praktik penginderaan jauhc/ Indarto; Editor, Nikodemus WK aEd. 1 Cet. 1 aYogyakartabAndic2014 axvi, 294 hlm.b: Ilus.c; 23 cm.e+ CD aCD aPenginderaan jarak jauh -- Alat dan Perlengkapan aNIKODEMUS WK aYOPDYOG a15653-PD/B.15 a15654-PD/B.15 a15655-PD/B.15